[Event "Berlin Lichtenberger op 16th"]
[Site "Berlin"]
[Date "2017.08.27"]
[Round "9"]
[White "Oelmann, Henry"]
[Black "Grosse Honebrink, Brigitte"]
[Result "0-1"]
[WhiteElo "1992"]
[BlackElo "1886"]
[PlyCount "82"]
[EventDate "2017.08.19"]
[EventType "swiss"]
[EventRounds "9"]
[EventCountry "GER"]
[SourceTitle "CBM 180 Extra"]
[Source "ChessBase"]
[SourceDate "2017.10.06"]
[SourceVersion "1"]
[SourceVersionDate "2017.10.06"]
[SourceQuality "1"]

1. c4 e6 2. Nf3 Nf6 3. Nc3 d5 4. d4 Bb4 5. Qa4+ Nc6 6. Bd2 Bd7 7. Qc2 0-0 8. e3 Bxc3 9. Bxc3 Ne4 10. cxd5 exd5 11. Bd3 Nxc3 12. bxc3 h6 13. h4 a6 14. Bh7+ Kh8 15. Bd3 Qf6 16. Ng5 g6 17. Qb3 Qd6 18. Nh3 Ne7 19. Nf4 c6 20. Kd2 Bf5 21. Rab1 Bxd3 22. Nxd3 Kg7 23. Nc5 b5 24. a4 Qc7 25. Ra1 Nf5 26. axb5 axb5 27. Ra6 Rxa6 28. Nxa6 Qe7 29. Nb4 Qf6 30. Ke2 Nd6 31. Nd3 Ra8 32. h5 g5 33. Rh3 Ne4 34. Rf3 Qe6 35. Qb2 Ra2 36. Qxa2 Nxc3+ 37. Kd2 Nxa2 38. Kc2 Qe4 39. Kd2 Qe7 40. Rf5 Qa3 41. Ne5 Qc3+ 0-1

[Event "Berlin Lichtenberger op 16th"]
[Site "Berlin"]
[Date "2017.08.20"]
[Round "2"]
[White "Grosse Honebrink, Brigitte"]
[Black "Kreuchauf, Olaf"]
[Result "1-0"]
[WhiteElo "1886"]
[BlackElo "1691"]
[PlyCount "59"]
[EventDate "2017.08.19"]
[EventType "swiss"]
[EventRounds "9"]
[EventCountry "GER"]
[SourceTitle "CBM 180 Extra"]
[Source "ChessBase"]
[SourceDate "2017.10.06"]
[SourceVersion "1"]
[SourceVersionDate "2017.10.06"]
[SourceQuality "1"]

1. d4 Nf6 2. Nf3 d5 3. Bf4 g6 4. e3 Bg7 5. Be2 b6 6. h3 0-0 7. 0-0 c5 8. c3 h6 9. Ne5 Be6 10. Nd2 Qc8 11. a4 c4 12. b3 cxb3 13. Qxb3 Nc6 14. Nxc6 Qxc6 15. Rfc1 Rac8 16. Ba6 Rcd8 17. Qb4 Qd7 18. a5 bxa5 19. Qxa5 g5 20. Bc7 Ra8 21. Nb3 Bxh3 22. gxh3 Qxh3 23. Bf1 Qf5 24. Bg2 Ng4 25. Bg3 e5 26. Qxd5 h5 27. Qe4 Qc8 28. Qxa8 Qxa8 29. Bxa8 Rxa8 30. Bxe5 1-0

[Event "Berlin-ch QT"]
[Site "Berlin"]
[Date "2017.04.11"]
[Round "3"]
[White "Grosse Honebrink, Brigitte"]
[Black "Shapiro, Yosip"]
[Result "0-1"]
[WhiteElo "1865"]
[BlackElo "2102"]
[PlyCount "92"]
[EventDate "2017.04.09"]
[EventType "swiss"]
[EventRounds "9"]
[EventCountry "GER"]
[SourceTitle "CBM 189 Extra"]
[Source "ChessBase"]
[SourceDate "2019.06.03"]
[SourceVersion "1"]
[SourceVersionDate "2019.06.03"]
[SourceQuality "1"]

1. d4 Nf6 2. Nf3 e6 3. c4 d5 4. Nc3 Bb4 5. e3 0-0 6. Bd3 c5 7. Qc2 dxc4 8. Bxc4 cxd4 9. Nxd4 e5 10. Nde2 Nc6 11. a3 Be7 12. 0-0 Na5 13. Ba2 b6 14. Rd1 Qc7 15. b4 Ba6 16. bxa5 Bxe2 17. Qxe2 Qxc3 18. Bd2 Qc2 19. Rdc1 Qg6 20. axb6 axb6 21. a4 Rfd8 22. Bc3 e4 23. Bd4 Nd5 24. Qb2 Nb4 25. Qb3 Nxa2 26. Rxa2 Rab8 27. Qb5 Qe6 28. Rac2 h6 29. Qb2 Bf6 30. Bxf6 Qxf6 31. Qxf6 gxf6 32. Kf1 Kg7 33. Rc6 Ra8 34. R1c4 f5 35. f3 exf3 36. gxf3 Rd2 37. Rh4 b5 38. Ke1 Rb2 39. Rcxh6 bxa4 40. Rh7+ Kf6 41. Rd4 a3 42. Rd7 Rf8 43. Rh6+ Kg7 44. Ra6 a2 45. Rda7 Rc8 46. Kd1 Rcc2 0-1

[Event "GER-ch international (Women)"]
[Site "Bodenmais"]
[Date "2016.08.02"]
[Round "4"]
[White "Grosse Honebrink, Brigitte"]
[Black "Morio, Estelle"]
[Result "1/2-1/2"]
[WhiteElo "1875"]
[BlackElo "1801"]
[PlyCount "60"]
[EventDate "2016.07.30"]
[EventType "swiss"]
[EventRounds "9"]
[EventCountry "GER"]
[SourceTitle "EXT 2019"]
[Source "ChessBase"]
[SourceDate "2018.10.10"]
[SourceVersion "1"]
[SourceVersionDate "2018.10.10"]
[SourceQuality "1"]

1. d4 Nf6 2. Nf3 e6 3. c4 b6 4. a3 h6 5. Nc3 Bb7 6. Qc2 d5 7. cxd5 exd5 8. Bf4 a6 9. h3 Bd6 10. Bxd6 Qxd6 11. e3 Nbd7 12. Be2 0-0 13. 0-0 c5 14. Rac1 Rac8 15. Rfd1 c4 16. a4 Bc6 17. Nd2 b5 18. axb5 axb5 19. e4 Nxe4 20. Ndxe4 dxe4 21. d5 Bb7 22. Nxb5 Qe5 23. Na7 Rb8 24. Nc6 Bxc6 25. dxc6 Rxb2 26. Qxc4 Nb6 27. Qa6 Ra8 28. Qb7 Rb8 29. Qa6 Ra8 30. Qb7 Rb8 1/2-1/2

[Event "Berlin Lichtenberger op 14th"]
[Site "Berlin"]
[Date "2015.08.18"]
[Round "4"]
[White "Pluska, Alexander"]
[Black "Grosse Honebrink, Brigitte"]
[Result "1-0"]
[WhiteElo "2030"]
[BlackElo "1887"]
[PlyCount "85"]
[EventDate "2015.08.15"]
[EventType "swiss"]
[EventRounds "9"]
[EventCountry "GER"]
[SourceTitle "EXT 2016"]
[Source "ChessBase"]
[SourceDate "2015.10.08"]
[SourceVersion "1"]
[SourceVersionDate "2015.10.08"]
[SourceQuality "1"]

1. d4 Nf6 2. Bg5 e6 3. Nd2 d5 4. Ngf3 Be7 5. e3 Nbd7 6. Bd3 0-0 7. Qe2 c6 8. Ne5 Nxe5 9. dxe5 Nd7 10. Bxe7 Qxe7 11. f4 Nc5 12. 0-0-0 Nxd3+ 13. Qxd3 c5 14. c3 c4 15. Qc2 b5 16. Nf3 h6 17. g4 b4 18. g5 bxc3 19. Qxc3 h5 20. g6 fxg6 21. Rhg1 Rb8 22. Rxg6 Qb4 23. Qxb4 Rxb4 24. Rdg1 Rf7 25. Nd4 Rb6 26. R6g5 Rfb7 27. R1g2 a5 28. Rxh5 a4 29. Rhg5 a3 30. b3 cxb3 31. axb3 Ra7 32. Kb1 Ba6 33. Ka2 Bd3 34. Rg1 Rba6 35. Rc1 Kh7 36. Rc8 Rb6 37. Rh5+ Kg6 38. Rhh8 Bf5 39. h4 Bg4 40. Rc1 Bf5 41. Rcc8 Bg4 42. h5+ Bxh5 43. Rc1 1-0

[Event "Berlin Lichtenberger op 14th"]
[Site "Berlin"]
[Date "2015.08.16"]
[Round "2"]
[White "Hesselbarth, Karlheinz"]
[Black "Grosse Honebrink, Brigitte"]
[Result "0-1"]
[WhiteElo "1732"]
[BlackElo "1887"]
[PlyCount "47"]
[EventDate "2015.08.15"]
[EventType "swiss"]
[EventRounds "9"]
[EventCountry "GER"]
[SourceTitle "EXT 2016"]
[Source "ChessBase"]
[SourceDate "2015.10.08"]
[SourceVersion "1"]
[SourceVersionDate "2015.10.08"]
[SourceQuality "1"]

1. d4 Nf6 2. c4 e6 3. Nc3 d5 4. Bg5 Be7 5. e3 0-0 6. Nf3 Nbd7 7. Qc2 c5 8. cxd5 Nxd5 9. Bxe7 Nxe7 10. Rd1 cxd4 11. exd4 Nf6 12. Be2 Bd7 13. 0-0 Rc8 14. Ne5 Bc6 15. Qd3 Qb6 16. Nc4 Qc7 17. Ne3 Rfd8 18. f4 Ned5 19. Ncxd5 Nxd5 20. Nxd5 Bxd5 21. b3 Qc2 22. Rd2 Qc7 23. Bf3 Qb6 24. Qe3 0-1

[Event "BL2 Ost 1415 (Women)"]
[Site "Germany"]
[Date "2014.11.29"]
[Round "3.6"]
[White "Grosse Honebrink, Brigitte"]
[Black "V D Weth V Nordheim, Petra"]
[Result "0-1"]
[WhiteElo "1892"]
[BlackElo "1957"]
[PlyCount "50"]
[EventDate "2014.09.27"]
[EventType "team-tourn"]
[EventRounds "7"]
[EventCountry "GER"]
[SourceTitle "CBM 166 Extra"]
[Source "ChessBase"]
[SourceDate "2015.06.18"]
[SourceVersion "1"]
[SourceVersionDate "2015.06.18"]
[SourceQuality "1"]
[WhiteTeam "Berlin Empor (W)"]
[BlackTeam "Erfurt Medizin (W)"]
[WhiteTeamCountry "GER"]
[BlackTeamCountry "GER"]

1. d4 d5 2. Nf3 e6 3. c4 c6 4. e3 Bd6 5. Bd3 Nd7 6. 0-0 f5 7. cxd5 cxd5 8. Nc3 a6 9. Qa4 Rb8 10. Bd2 Ngf6 11. Ne2 0-0 12. Qb3 Qe7 13. Rac1 Ne4 14. Bc3 Nxc3 15. Qxc3 e5 16. dxe5 Nxe5 17. Nxe5 Bxe5 18. Nd4 f4 19. Qb3 Qd6 20. Nf3 fxe3 21. fxe3 Rxf3 22. gxf3 Bxh2+ 23. Kf2 Bh3 24. Rg1 Bxg1+ 25. Rxg1 Qh2+ 0-1

[Event "Lueneburg op"]
[Site "Lueneburg"]
[Date "2014.08.15"]
[Round "7"]
[White "Stull, Norbert"]
[Black "Grosse Honebrink, Brigitte"]
[Result "1-0"]
[WhiteElo "2056"]
[BlackElo "1883"]
[PlyCount "79"]
[EventDate "2014.08.09"]
[EventType "swiss"]
[EventRounds "9"]
[EventCountry "GER"]
[SourceTitle "CBM 161 Extra"]
[Source "ChessBase"]
[SourceDate "2014.08.29"]
[SourceVersion "1"]
[SourceVersionDate "2014.08.29"]
[SourceQuality "1"]

1. d4 d5 2. c4 c6 3. Nf3 Nf6 4. Nc3 e6 5. e3 Be7 6. Bd3 Nbd7 7. 0-0 0-0 8. e4 dxe4 9. Nxe4 Nxe4 10. Bxe4 Nf6 11. Bc2 c5 12. dxc5 Bxc5 13. Bg5 b6 14. Qe2 h6 15. Bxf6 Qxf6 16. Qe4 Qf5 17. Qxa8 Qxc2 18. Qxa7 Qxc4 19. Rac1 Qb5 20. b3 Ba6 21. Rc4 Bd6 22. Nd4 Qe5 23. Nf3 Qb5 24. Rd1 Bb8 25. Qe7 Qf5 26. Rcc1 Qf4 27. Rc2 g5 28. h3 Kg7 29. Rcd2 Bb5 30. Rd8 Rxd8 31. Qxd8 Be2 32. Qd4+ e5 33. Qxf4 gxf4 34. Rd8 Bc7 35. Rc8 Bd6 36. Rc6 Bc5 37. Nxe5 Bb5 38. Rc7 Bd6 39. Rxf7+ Kg8 40. Rf5 1-0

[Event "Lueneburg op"]
[Site "Lueneburg"]
[Date "2014.08.11"]
[Round "3"]
[White "Reuber, Artur"]
[Black "Grosse Honebrink, Brigitte"]
[Result "1-0"]
[WhiteElo "2155"]
[BlackElo "1883"]
[PlyCount "73"]
[EventDate "2014.08.09"]
[EventType "swiss"]
[EventRounds "9"]
[EventCountry "GER"]
[SourceTitle "CBM 161 Extra"]
[Source "ChessBase"]
[SourceDate "2014.08.29"]
[SourceVersion "1"]
[SourceVersionDate "2014.08.29"]
[SourceQuality "1"]

1. c4 e6 2. g3 Nf6 3. Bg2 d5 4. Nf3 c5 5. 0-0 Nc6 6. d3 Be7 7. Nc3 0-0 8. e3 e5 9. cxd5 Nxd5 10. Nxd5 Qxd5 11. Nd4 Qd6 12. Nb5 Qd7 13. Qe2 Nb4 14. Nc3 Qxd3 15. Qxd3 Nxd3 16. Nd5 Bd6 17. Rd1 Nxc1 18. Raxc1 Rd8 19. Nc3 Kf8 20. Ne4 Ke7 21. Nxc5 Rb8 22. Ne4 Bb4 23. a3 Ba5 24. b4 Bb6 25. Nc3 Rxd1+ 26. Rxd1 Bd8 27. Nb5 Bd7 28. Nd6 Bc6 29. Bxc6 bxc6 30. Nf5+ Kf8 31. Rd7 a5 32. bxa5 g6 33. Nd6 Be7 34. Nc4 Rb1+ 35. Kg2 Ra1 36. Rxe7 Kxe7 37. a6 1-0

[Event "Lueneburg blitz op"]
[Site "Lueneburg"]
[Date "2013.07.22"]
[Round "?"]
[White "Becker, Martin"]
[Black "Grosse Honebrink, Brigitte"]
[Result "1-0"]
[WhiteElo "1918"]
[BlackElo "1871"]
[PlyCount "73"]
[EventDate "2013.07.22"]
[EventType "swiss (blitz)"]
[EventRounds "9"]
[EventCountry "GER"]
[SourceTitle "EXT 2024"]
[Source "ChessBase"]
[SourceDate "2023.10.10"]
[SourceVersion "1"]
[SourceVersionDate "2023.10.10"]
[SourceQuality "1"]

1. e4 c5 2. Nf3 Nc6 3. d4 cxd4 4. Nxd4 Nf6 5. Nc3 e5 6. Ndb5 h6 7. Nd6+ Bxd6 8. Qxd6 Qe7 9. Nb5 0-0 10. Bd3 a6 11. Qxe7 Nxe7 12. Nd6 Ne8 13. Nc4 b5 14. Nxe5 d6 15. Nf3 Bb7 16. 0-0 Nf6 17. Re1 Nc6 18. Bf4 Rfd8 19. Rad1 Rac8 20. c3 Nh5 21. Be3 Ne5 22. Be2 Nf6 23. Bb6 Rd7 24. Nxe5 dxe5 25. Rxd7 Nxd7 26. Bg4 Nxb6 27. Bxc8 Bxc8 28. Rd1 Nd7 29. Rd6 Kh7 30. Rc6 Bb7 31. Rc7 Bxe4 32. Rxd7 f6 33. f3 Bb1 34. a3 Ba2 35. Ra7 Bc4 36. Rxa6 Kg6 37. a4 1-0

[Event "Lueneburg blitz op"]
[Site "Lueneburg"]
[Date "2013.07.22"]
[Round "?"]
[White "Grosse Honebrink, Brigitte"]
[Black "Nedic, Dusan"]
[Result "0-1"]
[WhiteElo "1871"]
[BlackElo "2328"]
[PlyCount "60"]
[EventDate "2013.07.22"]
[EventType "swiss (blitz)"]
[EventRounds "9"]
[EventCountry "GER"]
[SourceTitle "EXT 2024"]
[Source "ChessBase"]
[SourceDate "2023.10.10"]
[SourceVersion "1"]
[SourceVersionDate "2023.10.10"]
[SourceQuality "1"]

1. d4 Nf6 2. Nf3 e6 3. Bg5 d5 4. e3 Be7 5. Bd3 c5 6. c3 Qb6 7. Qe2 Nc6 8. b3 h6 9. Bh4 Bd7 10. 0-0 Rc8 11. Nbd2 0-0 12. a4 cxd4 13. cxd4 Nb4 14. Ne5 Be8 15. Bb5 a6 16. Bxe8 Rfxe8 17. Bxf6 Bxf6 18. Nd7 Qd8 19. Nxf6+ Qxf6 20. Rac1 Qf5 21. e4 dxe4 22. Nxe4 Qd5 23. Qe3 Nc2 24. Qd3 Nxd4 25. Rcd1 e5 26. Rfe1 Re6 27. Ng3 Qxb3 28. Qxb3 Nxb3 29. Rd7 Nc5 30. Rd5 Nxa4 0-1

[Event "Lueneburg blitz op"]
[Site "Lueneburg"]
[Date "2013.07.22"]
[Round "?"]
[White "Thanisch, Matthias"]
[Black "Grosse Honebrink, Brigitte"]
[Result "1-0"]
[WhiteElo "2026"]
[BlackElo "1871"]
[PlyCount "67"]
[EventDate "2013.07.22"]
[EventType "swiss (blitz)"]
[EventRounds "9"]
[EventCountry "GER"]
[SourceTitle "EXT 2024"]
[Source "ChessBase"]
[SourceDate "2023.10.10"]
[SourceVersion "1"]
[SourceVersionDate "2023.10.10"]
[SourceQuality "1"]

1. d4 e6 2. Nf3 Nf6 3. g3 d5 4. Bg2 h6 5. c4 c6 6. 0-0 Bd6 7. Qc2 0-0 8. b3 Re8 9. Bb2 Nbd7 10. Nbd2 e5 11. dxe5 Nxe5 12. Rad1 Qa5 13. Bc3 Qa6 14. Nxe5 Bxe5 15. Bxe5 Rxe5 16. e3 Bf5 17. Qb2 Rae8 18. Nf3 R5e7 19. Nd4 Bg4 20. Rc1 Qa5 21. h3 Bh5 22. cxd5 Nxd5 23. Nf5 Re5 24. Nd6 R5e7 25. Nxe8 Rxe8 26. a3 Bg6 27. Rfd1 Nf6 28. b4 Qg5 29. Qd4 Re5 30. f4 Qxg3 31. Qxe5 Be4 32. Qb2 Nd5 33. Qf2 Qg6 34. Rxd5 1-0

[Event "Berlin Lichtenrade op 08th"]
[Site "Berlin"]
[Date "2012.09.30"]
[Round "2"]
[White "Grosse Honebrink, Brigitte"]
[Black "Schnabel, Ralf"]
[Result "0-1"]
[WhiteElo "1882"]
[BlackElo "2235"]
[PlyCount "82"]
[EventDate "2012.09.29"]
[EventType "swiss"]
[EventRounds "9"]
[EventCountry "GER"]
[SourceTitle "CBM 150 Extra"]
[Source "ChessBase"]
[SourceDate "2012.10.19"]
[SourceVersion "1"]
[SourceVersionDate "2012.10.19"]
[SourceQuality "1"]

1. d4 f5 2. Bg5 g6 3. Nd2 Bg7 4. e3 Nf6 5. h4 0-0 6. Nh3 d6 7. Qf3 Qe8 8. Bc4+ Kh8 9. Bxf6 Bxf6 10. Nf4 e5 11. dxe5 dxe5 12. Nd5 Bd8 13. 0-0-0 c6 14. Nc3 Nd7 15. Qe2 b5 16. Bb3 Nc5 17. e4 f4 18. a3 a5 19. Ba2 a4 20. Nf3 Bg4 21. Qd2 Bc7 22. Qe1 h6 23. Rd2 Rd8 24. Nh2 Bc8 25. f3 Kh7 26. Kb1 Qe7 27. Rxd8 Bxd8 28. Qf2 Ba5 29. Ne2 Bb6 30. g4 Rd8 31. h5 g5 32. Nc3 Rd4 33. Qe2 Ba6 34. Qe1 Qd7 35. Ne2 Rd2 36. Kc1 Ba5 37. Qf2 Bb6 38. Qe1 Rd6 39. Qc3 Nxe4 40. Qxe5 Rd1+ 41. Rxd1 Be3+ 0-1

[Event "Berlin Werner Ott op"]
[Site "Berlin"]
[Date "2012.07.15"]
[Round "9"]
[White "Kambor, Joachim"]
[Black "Grosse Honebrink, Brigitte"]
[Result "1-0"]
[WhiteElo "2086"]
[BlackElo "1881"]
[PlyCount "99"]
[EventDate "2012.07.07"]
[EventType "swiss"]
[EventRounds "9"]
[EventCountry "GER"]
[SourceTitle "CBM 149 Extra"]
[Source "ChessBase"]
[SourceDate "2012.08.24"]
[SourceVersion "1"]
[SourceVersionDate "2012.08.24"]
[SourceQuality "1"]

1. d4 Nf6 2. c4 e6 3. Nf3 d5 4. g3 c6 5. Bg2 Be7 6. Nbd2 0-0 7. 0-0 Nbd7 8. Qc2 Re8 9. e4 dxe4 10. Nxe4 Nxe4 11. Qxe4 c5 12. Rd1 cxd4 13. Nxd4 Nc5 14. Qc2 Qc7 15. b4 Nd7 16. a3 a6 17. Be3 Bf6 18. Rac1 Ne5 19. Nb3 Bd7 20. f4 Ng4 21. Bc5 Bc6 22. h3 Bxg2 23. Qxg2 Nh6 24. Bd6 Qc8 25. g4 Bd8 26. c5 f6 27. Nd2 Nf7 28. Nc4 Bc7 29. Qe4 e5 30. fxe5 fxe5 31. Qd5 Rb8 32. Rf1 Qd7 33. Rf5 Bxd6 34. Nxd6 Re7 35. Rcf1 Rf8 36. Kg2 g6 37. Rxf7 Rexf7 38. Rxf7 Rxf7 39. Qxf7+ Qxf7 40. Nxf7 Kxf7 41. Kf3 h6 42. Ke4 Ke6 43. a4 g5 44. b5 a5 45. b6 Kd7 46. Kxe5 Kc6 47. Kd4 Kd7 48. Kd5 Kd8 49. c6 bxc6+ 50. Kxc6 1-0

[Event "Berlin Werner Ott op"]
[Site "Berlin"]
[Date "2012.07.10"]
[Round "4"]
[White "Grosse Honebrink, Brigitte"]
[Black "Dimitrijeski, Kristian"]
[Result "0-1"]
[WhiteElo "1881"]
[BlackElo "2184"]
[PlyCount "74"]
[EventDate "2012.07.07"]
[EventType "swiss"]
[EventRounds "9"]
[EventCountry "GER"]
[SourceTitle "CBM 149 Extra"]
[Source "ChessBase"]
[SourceDate "2012.08.24"]
[SourceVersion "1"]
[SourceVersionDate "2012.08.24"]
[SourceQuality "1"]

1. d4 d5 2. Nf3 c6 3. e3 Nf6 4. Nbd2 Bg4 5. c4 e6 6. Be2 Nbd7 7. 0-0 Be7 8. h3 Bh5 9. cxd5 exd5 10. a3 a5 11. b3 0-0 12. Bb2 Re8 13. Rc1 Bd6 14. Ne1 Bxe2 15. Qxe2 Qe7 16. Nd3 Bxa3 17. Bxa3 Qxa3 18. Ra1 Qd6 19. Rfc1 Ra6 20. Nc5 Nxc5 21. dxc5 Qe7 22. b4 d4 23. Rxa5 dxe3 24. Nc4 Rxa5 25. Nxa5 exf2+ 26. Qxf2 Nd5 27. Qd2 Nxb4 28. Rc4 Nd5 29. Rc1 g5 30. Qf2 Nf4 31. Rd1 Qe2 32. Rd7 Qb5 33. Nxb7 Qb1+ 34. Kh2 Qf5 35. Rd8 Rxd8 36. Nxd8 Qd7 37. g3 Nd5 0-1

[Event "BL2 Ost 1112 (Women)"]
[Site "Germany"]
[Date "2011.11.27"]
[Round "4.3"]
[White "Grosse Honebrink, Brigitte"]
[Black "Spangenberg, Romy"]
[Result "1-0"]
[WhiteElo "1886"]
[BlackElo "1728"]
[PlyCount "137"]
[EventDate "2011.10.29"]
[EventType "team-tourn"]
[EventRounds "7"]
[EventCountry "GER"]
[SourceTitle "EXT 2013"]
[Source "ChessBase"]
[SourceDate "2012.11.22"]
[SourceVersion "1"]
[SourceVersionDate "2012.11.22"]
[SourceQuality "1"]
[WhiteTeam "Berlin Empor (W)"]
[BlackTeam "Leipzig Lindenau (W)"]
[WhiteTeamCountry "GER"]
[BlackTeamCountry "GER"]

1. d4 d5 2. Nf3 Nf6 3. c4 e6 4. Nc3 Nbd7 5. Bg5 Be7 6. e3 0-0 7. Bd3 c5 8. cxd5 Nxd5 9. Bxe7 Nxe7 10. 0-0 cxd4 11. Nxd4 Nf6 12. h3 a6 13. Rc1 b5 14. Ne4 Ned5 15. Nc5 Nb4 16. Bb1 Bd7 17. a3 Nbd5 18. Qd3 Ne7 19. Rfd1 Ng6 20. Qe2 Qe7 21. Nxd7 Nxd7 22. Nc6 Qe8 23. Qd3 Nf6 24. Qd6 Kh8 25. b4 Nd5 26. Be4 Rc8 27. Bxd5 exd5 28. Qxd5 Ne7 29. Nxe7 Qxe7 30. Rxc8 Rxc8 31. Qd6 Qxd6 32. Rxd6 Ra8 33. Kf1 Kg8 34. Ke2 Kf8 35. Rb6 Ke7 36. Kf3 Kd7 37. Rb7+ Ke6 38. g4 h6 39. Ke4 g6 40. Rb6+ Ke7 41. f4 Ra7 42. f5 gxf5+ 43. Kxf5 h5 44. gxh5 Kf8 45. h6 Kg8 46. e4 Kh8 47. e5 Kh7 48. h4 Kh8 49. e6 fxe6+ 50. Kg6 Ra8 51. Rxe6 Rg8+ 52. Kh5 Ra8 53. Rb6 a5 54. Kg5 axb4 55. axb4 Kh7 56. Rb7+ Kh8 57. Rxb5 Rg8+ 58. Kh5 Rf8 59. Rb7 Rg8 60. b5 Rf8 61. b6 Rc8 62. Rc7 Rg8 63. b7 Rf8 64. Rc8 Kh7 65. Rc7+ Kh8 66. Rc5 Kh7 67. Rb5 Rg8 68. Rg5 Rg6 69. Rxg6 1-0

[Event "BL2 Ost 1112 (Women)"]
[Site "Germany"]
[Date "2011.11.26"]
[Round "3.3"]
[White "Petrova, Kristyna"]
[Black "Grosse Honebrink, Brigitte"]
[Result "1-0"]
[WhiteElo "2285"]
[BlackElo "1886"]
[PlyCount "43"]
[EventDate "2011.10.29"]
[EventType "team-tourn"]
[EventRounds "7"]
[EventCountry "GER"]
[SourceTitle "EXT 2013"]
[Source "ChessBase"]
[SourceDate "2012.11.22"]
[SourceVersion "1"]
[SourceVersionDate "2012.11.22"]
[SourceQuality "1"]
[WhiteTeam "Grosslehna (W)"]
[BlackTeam "Berlin Empor (W)"]
[WhiteTeamCountry "GER"]
[BlackTeamCountry "GER"]

1. e4 c5 2. Nf3 Nc6 3. d4 cxd4 4. Nxd4 Nf6 5. Nc3 e5 6. Ndb5 h6 7. Nd6+ Bxd6 8. Qxd6 Qe7 9. Qxe7+ Kxe7 10. b3 Nd4 11. Bd3 Rd8 12. Ba3+ Ke8 13. Bd6 Ne6 14. Bxe5 Ng4 15. Bd6 f6 16. Be2 Ne5 17. Nd5 Kf7 18. f4 Nc6 19. c3 a6 20. Nb6 Ra7 21. Bc4 Na5 22. Bd5 1-0

[Event "Berlin-ch qualification"]
[Site "Berlin-Lichtenrade"]
[Date "2011.05.01"]
[Round "9.15"]
[White "Hohn, August"]
[Black "Grosse Honebrink, Brigitte"]
[Result "1-0"]
[WhiteElo "2068"]
[BlackElo "1868"]
[PlyCount "123"]
[EventDate "2011.04.23"]
[EventType "swiss"]
[EventRounds "9"]
[EventCountry "GER"]
[SourceTitle "EXT 2022"]
[Source "ChessBase"]
[SourceDate "2021.10.06"]
[SourceVersion "1"]
[SourceVersionDate "2021.10.06"]
[SourceQuality "1"]

1. c4 e6 2. Nc3 d5 3. d4 Nf6 4. g3 c6 5. Bg2 dxc4 6. a4 Bb4 7. Nf3 c5 8. 0-0 cxd4 9. Nxd4 0-0 10. Be3 Bxc3 11. bxc3 Nd5 12. Bd2 Nc6 13. Nxc6 bxc6 14. Qc2 Bd7 15. e4 Ne7 16. Bf4 c5 17. Bd6 Bc6 18. Rfd1 Re8 19. Bxc5 Qc7 20. Rd4 Bxa4 21. Qxa4 Qxc5 22. Rxc4 Qb6 23. Rb4 Qc5 24. c4 e5 25. Rb5 Qc7 26. Rab1 Rab8 27. Rb7 Qc6 28. Qxa7 Rxb7 29. Rxb7 Nc8 30. Qb8 Kf8 31. Rc7 Ne7 32. Qa7 Ra8 33. Rxc6 Rxa7 34. Rb6 Rc7 35. Bf1 Nc6 36. f4 Ke7 37. Rb5 f6 38. Kf2 exf4 39. gxf4 Nd8 40. Ke3 Nf7 41. c5 Nd8 42. Bc4 Nc6 43. Bd5 Na7 44. Ra5 Nc8 45. Kd4 Ra7 46. Rb5 Ra4+ 47. Bc4 Kd8 48. Kc3 Ne7 49. Rb8+ Kc7 50. Re8 Ng6 51. Bb5 Ra3+ 52. Kb4 Re3 53. f5 Ne5 54. Re7+ Kd8 55. Rxg7 Rxe4+ 56. Ka5 Nc4+ 57. Bxc4 Rxc4 58. Kb6 Rh4 59. Rg8+ Ke7 60. c6 Rxh2 61. c7 Rb2+ 62. Ka5 1-0

[Event "Berlin-ch qualification"]
[Site "Berlin-Lichtenrade"]
[Date "2011.04.30"]
[Round "8.9"]
[White "Grosse Honebrink, Brigitte"]
[Black "Mueller, Reinhard"]
[Result "0-1"]
[WhiteElo "1868"]
[BlackElo "2075"]
[PlyCount "55"]
[EventDate "2011.04.23"]
[EventType "swiss"]
[EventRounds "9"]
[EventCountry "GER"]
[SourceTitle "EXT 2022"]
[Source "ChessBase"]
[SourceDate "2021.10.06"]
[SourceVersion "1"]
[SourceVersionDate "2021.10.06"]
[SourceQuality "1"]

1. d4 f5 2. g3 Nf6 3. Bg2 d5 4. Nf3 e6 5. c4 c6 6. Nbd2 Bd6 7. 0-0 Ne4 8. Qc2 Nd7 9. Ne1 0-0 10. Nd3 Nxd2 11. Bxd2 Qf6 12. Bf4 Bxf4 13. Nxf4 g5 14. Nh3 Nb6 15. c5 Nd7 16. Qd2 f4 17. gxf4 g4 18. Ng5 h6 19. Qe3 Nb8 20. h4 Qxf4 21. Nh3 Qxe3 22. fxe3 Rxf1+ 23. Rxf1 gxh3 24. Bxh3 Na6 25. Rf3 e5 26. Rg3+ Kh7 27. Bg2 Be6 28. h5 0-1

[Event "Berlin-ch qualification"]
[Site "Berlin-Lichtenrade"]
[Date "2011.04.26"]
[Round "4.9"]
[White "Fehrmann, Gregor"]
[Black "Grosse Honebrink, Brigitte"]
[Result "1-0"]
[WhiteElo "2016"]
[BlackElo "1868"]
[PlyCount "61"]
[EventDate "2011.04.23"]
[EventType "swiss"]
[EventRounds "9"]
[EventCountry "GER"]
[SourceTitle "EXT 2022"]
[Source "ChessBase"]
[SourceDate "2021.10.06"]
[SourceVersion "1"]
[SourceVersionDate "2021.10.06"]
[SourceQuality "1"]

1. e4 c5 2. d4 cxd4 3. c3 dxc3 4. Nxc3 e6 5. Nf3 d6 6. Bc4 a6 7. 0-0 b5 8. Bb3 Bb7 9. Qe2 Nd7 10. Rd1 Qb8 11. Bf4 Nc5 12. Nxb5 e5 13. Qc4 Ne6 14. Ba4 axb5 15. Qxb5+ Ke7 16. Bxe5 dxe5 17. Rd7+ Kf6 18. Rxb7 Qd6 19. Rd1 Qc5 20. Qb3 Be7 21. Rb5 Qa7 22. Nxe5 g5 23. Qh3 Kg7 24. Bb3 Nd4 25. Rd5 Ne2+ 26. Kh1 Qxf2 27. Ng4 Qf4 28. Rf5 Qxe4 29. Rxf7+ Kg6 30. Bc2 Kxf7 31. Bxe4 1-0

[Event "Berlin Lichtenberger op 9th"]
[Site "Berlin"]
[Date "2010.08.07"]
[Round "2"]
[White "Becker, Uwe"]
[Black "Grosse Honebrink, Brigitte"]
[Result "0-1"]
[WhiteElo "1801"]
[BlackElo "1934"]
[PlyCount "50"]
[EventDate "2010.08.07"]
[EventType "swiss"]
[EventRounds "9"]
[EventCountry "GER"]
[SourceTitle "CBM 137 Extra"]
[Source "ChessBase"]
[SourceDate "2010.09.01"]
[SourceVersion "1"]
[SourceVersionDate "2010.09.01"]
[SourceQuality "1"]

1. Nf3 Nf6 2. d4 e6 3. c4 d5 4. Nc3 Be7 5. e3 0-0 6. Bd3 Nbd7 7. 0-0 h6 8. c5 c6 9. b4 Qc7 10. a4 e5 11. e4 exd4 12. Nxd4 dxe4 13. Nxe4 Nxe4 14. Bxe4 Nf6 15. Bf3 Rd8 16. Be3 Nd5 17. Bxd5 Rxd5 18. Qf3 a5 19. Nb5 Qd8 20. Nc3 Rd3 21. Rfd1 axb4 22. Qe2 Bf5 23. Qf3 bxc3 24. Rxd3 Qxd3 25. Rd1 Qe4 0-1